Hiszpańskie kluby piłkarskie - nagła śmierć - Statystyki

Ogólne statystyki
  • Ten quiz został rozwiązany 361 razy
  • Średni wynik to 11 z 12
Answers on the Grid
Answers color-coded by a green-red scale on the quiz's grid according to % correct below.
FC Barcelona
River Plate
Real Madryt
FC Porto
Aston Villa
Atletico Madryt
AS Monaco
Athletic Bilbao
Olympique Lyon
Boca Juniors
Girona
Sporting Lizbona
Zrinjski Mostar
Getafe
Atletico Nacional
Udinese Calcio
Real Sociedad
Toulouse
Valencia
Rayo Vallecano
Cagliari
Palmerias
Sevilla
Clermont Foot
Deportivo Alaves
Santa Coloma
Venezia
Real Valladolid
 
Statystyki odpowiedzi
Odpowiedź % Poprawnych
FC Barcelona
100%
Real Madryt
94%
Athletic Bilbao
91%
Atletico Madryt
91%
Getafe
88%
Girona
87%
Real Sociedad
86%
Valencia
86%
Sevilla
85%
Rayo Vallecano
84%
Real Valladolid
84%
Deportivo Alaves
79%
Nie znaleziono quizów pasujących do podanych kryteriów
Rozkład punktacji
Procent ludzi z każdym wynikiem
Percentyl według liczby udzielonych odpowiedzi
Twoja historia wyników
Nie rozwiązałeś tego quizu